| 000 | 00985nam a2200313Ia 4500 | ||
|---|---|---|---|
| 001 | Z_1505 | ||
| 003 | CHAP | ||
| 008 | 220113s1992 xx 000 0 und d | ||
| 010 | _a164594 | ||
| 040 | _cCHAP | ||
| 090 | _aTesis Ch 811 | ||
| 100 |
_aChapa Ríos, Anacleto _921883 |
||
| 245 |
_aHeterosis y efectos genéticos individuales y maternos para características reproductivas en un cruzamiento entre bovinos Angus y Pardo suizo / _cpor Anacleto Chapa Ríos |
||
| 260 |
_aChapingo, Méx. : _bEl autor, _c1992 |
||
| 300 | _a86 h. | ||
| 502 | _aTesis (Ing. Agr. Esp. en Zootecnia) -- UACH. Departamento de Zootecnia | ||
| 650 |
_aGanado Angus _944962 |
||
| 650 | _aGanado Pardo Suizo | ||
| 650 |
_aGanado vacuno _xCruzas _945452 |
||
| 650 |
_aGanado vacuno _xFecundidad _945466 |
||
| 650 |
_aGanado vacuno _xGenética _945470 |
||
| 650 |
_aHeterosis _955071 |
||
| 901 | _aTESIS CH 811 | ||
| 902 | _aM | ||
| 910 | _a1992 | ||
| 942 | _c2 | ||
| 942 | _c2 | ||
| 999 |
_c164594 _d164594 |
||